Statistics for NFL Teams by City

Click here to take the quiz!

General Stats

  • This quiz has been taken 1,054 times
    (1,039 since last reset)
  • The average score is 30 of 32

Answer Stats

CityTeam% Correct
BuffaloBills
99%
New York (G)Giants
98%
New York (J)Jets
98%
Green BayPackers
98%
New EnglandPatriots
98%
DallasCowboys
97%
MiamiDolphins
97%
BaltimoreRavens
97%
San Fransisco49ers
96%
ChicagoBears
96%
Kansas CityChiefs
96%
JacksonvilleJaguars
96%
PittsburghSteelers
96%
DenverBroncos
95%
ClevelandBrowns
95%
ArizonaCardinals
95%
PhiladelphiaEagles
95%
AtlantaFalcons
95%
DetroitLions
95%
Oakland/Las VegasRaiders
95%
SeattleSeahawks
95%
CincinnatiBengals
94%
IndianapolisColts
94%
CarolinaPanthers
94%
New OrleansSaints
94%
HoustonTexans
94%
MinnesotaVikings
94%
St. Louis/Los AngelesRams
93%
TennesseeTitans
93%
Tampa BayBuccaneers
92%
San DiegoChargers
89%
WashingtonRedskins
89%

Score Distribution

Percentile by Number Answered

Percent of People with Each Score

Your Score History

You have not taken this quiz since the last reset